000 01131 a2200265 4500
999 _c212
_d212
020 _a9780495601692
020 _a9780495604662
050 0 0 _aBF713ASH2010
100 1 _a
245 1 0 _aHuman behavior in the social environment :
_ba multidimensional perspective /
_c
250 _a4th ed.
264 _aAustralia:
_bCenage,
_c2010
300 _axviii, 726 p. :
_bill. ;
500 _aincludes index
504 _aIncludes bibliographical references (p. 669-701) and indexes.
650 0 _aDevelopmental psychology.
650 0 _aSocial psychology.
700 1 _aLeCroy, Craig W.
700 1 _aLortie, Kathy L.,
_d1953-
856 4 2 _3Contributor biographical information
_uhttp://www.loc.gov/catdir/enhancements/fy1104/2009929609-b.html
856 4 2 _3Publisher description
_uhttp://www.loc.gov/catdir/enhancements/fy1104/2009929609-d.html
856 4 1 _3Table of contents only
_uhttp://www.loc.gov/catdir/enhancements/fy1104/2009929609-t.html
942 _2olc
_cBK
_e4th ed.
_h713
_iASH
_kBF